logo

Bir Sreshtho Munshi Abdur Rouf Library
Jhenaidah Cadet College

Ocean resources and U.S. intergovernmental relations in the 1980's / (Record no. 10182)

MARC details
000 -LEADER
fixed length control field 01110cam a2200301 a 4500
001 - CONTROL NUMBER
JCCL Control Number 10182
003 - CONTROL NUMBER IDENTIFIER
JCCL marc code BD-JhCC
005 - DATE AND TIME OF LATEST TRANSACTION
control field 20180419084732.0
008 - FIXED-LENGTH DATA ELEMENTS--GENERAL INFORMATION
fixed length control field 180417s1986 cou b 000 0 eng
020 ## - INTERNATIONAL STANDARD BOOK NUMBER
International Standard Book Number 0813371805 (pbk. : alk. paper)
035 ## - SYSTEM CONTROL NUMBER
system control number (BD-JhCC)10182
040 ## - CATALOGING SOURCE
Original cataloging agency DLC
Transcribing agency DLC
Modifying agency DLC
-- BD-JhCC
041 ## - LANGUAGE CODE
Language code of Book eng
050 00 - LIBRARY OF CONGRESS CALL NUMBER
Classification number KF5505.A75
Item number O25 1986
082 00 - DEWEY DECIMAL CLASSIFICATION NUMBER
Classification number 353.0082/325
DDC Edition number 19
Author mark and Year OCE 1986
245 00 - TITLE STATEMENT
Title Ocean resources and U.S. intergovernmental relations in the 1980's /
Statement of responsibility, etc edited by Maynard Silva.
260 ## - PUBLICATION, DISTRIBUTION, ETC. (IMPRINT)
Place of publication, distribution, etc Boulder :
Name of publisher, distributor, etc Westview Press,
Date of publication, distribution, etc 1986.
300 ## - PHYSICAL DESCRIPTION
Pagination xi, 279 p. ;
Dimensions 23 cm.
440 #0 -
Title Westview special studies in ocean science and policy
504 ## - BIBLIOGRAPHY, ETC. NOTE
Bibliography, etc Includes bibliographies.
650 #0 - SUBJECT ADDED ENTRY--TOPICAL TERM
Topical term or geographic name as entry element Marine resources conservation
General subdivision Law and legislation
Geographic subdivision United States.
650 #0 - SUBJECT ADDED ENTRY--TOPICAL TERM
Topical term or geographic name as entry element Marine resources
General subdivision Government policy
Geographic subdivision United States.
650 #0 - SUBJECT ADDED ENTRY--TOPICAL TERM
Topical term or geographic name as entry element Federal government
Geographic subdivision United States.
700 1# - ADDED ENTRY--PERSONAL NAME
Personal name Silva, Maynard Edward,
Dates associated with a name 1949-
856 42 - ELECTRONIC LOCATION AND ACCESS
Materials specified Contributor biographical information
Uniform Resource Identifier http://www.loc.gov/catdir/enhancements/fy0830/86051019-b.html
942 ## - ADDED ENTRY ELEMENTS (KOHA)
Source of classification or shelving scheme Dewey Decimal Classification
Koha item type Books
Holdings
Source of classification or shelving scheme Damaged status Not for loan Home library Current library Shelving location Total Checkouts Full call number Barcode Date last seen Copy number Koha item type
Dewey Decimal Classification     JCC Rouf Library JCC Rouf Library General Stacks   353.0082/325 OCE 1986 12022 04/19/2018 C-1 Books

JCC Library | Contacts | JCC Home

Last Update on 23 September 2017
Copyright @ 2017-2020 JCC Rouf Library
Rouf Library, Jhenidah Cadet College (JCC), Bangladesh